Time Lapse-Lyrics Katseye (without the korean lyrics) Gogosing Live - Statistics

General Stats
  • This quiz has been taken 20 times
  • The average score is 142 of 211
Answer Stats
Lyrics % Correct
a
91%
I
91%
Like
91%
you
91%
You
91%
you)
91%
be
82%
been
82%
by
82%
for
82%
it
82%
Lapse
82%
Lapse,
82%
Lapse)
82%
love
82%
me
82%
Time
82%
time
82%
time)
82%
(Time
82%
and
73%
And
73%
don’t
73%
fear:
73%
first
73%
is
73%
just
73%
Just
73%
know
73%
Know
73%
my
73%
someone
73%
to
73%
too
73%
universe
73%
We’ve
73%
When
73%
your
73%
alright
64%
can’t
64%
down
64%
feel
64%
greatest
64%
hand
64%
heart
64%
hours
64%
I’ll
64%
(I’ll
64%
in
64%
jump
64%
Letting
64%
low
64%
near
64%
open
64%
passing
64%
promise,
64%
seem
64%
side
64%
side)
64%
slow
64%
take
64%
talking
64%
up
64%
us
64%
want
64%
We’ll
64%
You’re
64%
you’re
64%
But
55%
wake
55%
with
55%
(with
55%
away
45%
breath
45%
could
45%
freeze
45%
here
45%
of
45%
taking
45%
that
45%
way
45%
wish
45%
back
36%
destiny
36%
find
36%
front
36%
how
36%
keep
36%
mean,
36%
never
36%
will
36%
without
36%
apart
27%
cuz
27%
day
27%
fell
27%
get
27%
guide
27%
into
27%
looking
27%
one
27%
our
27%
place
27%
safe
27%
(This
27%
all
18%
Everytime
18%
No matching quizzes found
Score Distribution
Percent of People with Each Score
Percentile by Number Answered
Your Score History
You have not taken this quiz